| 000 | 00864nam a2200277Ia 4500 | ||
|---|---|---|---|
| 001 | Para_5760 | ||
| 003 | CHAP | ||
| 008 | 220125s1980 xx 000 0 und d | ||
| 010 | _a204255 | ||
| 040 | _cCHAP | ||
| 090 | _aPA TESIS 91 | ||
| 100 |
_aDomínguez González, Bolivar Antonio _9170215 |
||
| 245 |
_aEstudio sobre el mosaico del melón en el Valle de Apatzingan, Mich. / _c por Bolivar Antonio Domínguez González |
||
| 260 |
_aUruapan, Mich. : _b el autor |
||
| 300 | _a46 h. | ||
| 502 | _aTesis (Ing. Agr. Esp. en Parasitología Agrícola) UMSNH (Mich.) | ||
| 650 |
_aMelón¨ _x Apatzingan _x enfermedades _9170216 |
||
| 710 |
_aUMSNH (Mich.) _9169511 |
||
| 901 | _aPA TESIS 91 | ||
| 902 | _aA | ||
| 905 | _a0000001980 0000000000 00 | ||
| 910 | _a1980 | ||
| 942 | _cPARA | ||
| 942 |
_cPARA _d1 |
||
| 999 |
_c204255 _d204255 |
||